书目信息 |
| 题名: |
捍卫者
|
|
| 作者: | 何楚舞 著 | |
| 分册: | ||
| 出版信息: | 石家庄 花山文艺出版社 2009.08 |
|
| 页数: | 321页 | |
| 开本: | 25cm | |
| 丛书名: | ||
| 单 册: | ||
| 中图分类: | I247.57 | |
| 科图分类: | ||
| 主题词: | 长篇小说--中国--当代 | |
| 电子资源: | ||
| ISBN: | 978-7-80755-662-6 | |
| 000 | 00836nam0 2200217 450 | |
| 001 | 1252874713 | |
| 005 | 20120212144206.46 | |
| 010 | @a978-7-80755-662-6@dCNY29.80 | |
| 100 | @a20091020d2009 y0chiy50 ea | |
| 101 | 0 | @achi |
| 102 | @aCN@b130000 | |
| 105 | @ay z 000ay | |
| 200 | 1 | @a捍卫者@AHan Wei Zhe@f何楚舞著 |
| 210 | @a石家庄@c花山文艺出版社@d2009.08 | |
| 215 | @a321页@d25cm | |
| 330 | @a本书内容:我国北部最大的原始森林——大兴安岭地区居住着最后的游猎民族。珍奇的动植物和鄂温克的神秘传说,吸引着《国家探险》杂志的两名记者寻找失落的文明。他们遭遇了似乎永远没有边界的大兴安岭原始森林,遭遇了在丛林中生存了上万年的珍稀野生动植物,还结识了一群无比忠诚的森林守护者——武装森林警察...... | |
| 606 | 0 | @a长篇小说@y中国@z当代 |
| 690 | @aI247.57@v4 | |
| 701 | 0 | @a何楚舞@4著 |
| 801 | 0 | @aCN@bSHCD@c20091020 |
| 905 | @aZUCC@dI247.57@eH167 | |
| 捍卫者/何楚舞著.-石家庄:花山文艺出版社,2009.08 |
| 321页;25cm |
| ISBN 978-7-80755-662-6:CNY29.80 |
| 本书内容:我国北部最大的原始森林——大兴安岭地区居住着最后的游猎民族。珍奇的动植物和鄂温克的神秘传说,吸引着《国家探险》杂志的两名记者寻找失落的文明。他们遭遇了似乎永远没有边界的大兴安岭原始森林,遭遇了在丛林中生存了上万年的珍稀野生动植物,还结识了一群无比忠诚的森林守护者——武装森林警察...... |
| ● |
| 相关链接 |
|
|
|
正题名:捍卫者
索取号:I247.57/H167
 
预约/预借
| 序号 | 登录号 | 条形码 | 馆藏地/架位号 | 状态 | 备注 |
| 1 | 482344 | 204823441 | 文学库108/108文学库 48排7列1层/ [索取号:I247.57/H167] | 在馆 | |
| 2 | 482345 | 204823450 | 文学库108/108文学库 48排7列1层/ [索取号:I247.57/H167] | 在馆 | |
| 3 | 482346 | 204823469 | 文学库108/108文学库 48排7列1层/ [索取号:I247.57/H167] | 在馆 |